MARC details
| 010 ## - Numéro international normalisé du livre (ISBN) |
| ISBN |
9782487746244 |
| Disponibilité et/ou prix |
12 EUR |
| 099 ## - Visibilité opac |
| notice masquée en opac |
Non |
| 100 ## - Données générales de traitement |
| Données générales de traitement |
20260220d2026 m y0frey50 ba |
| 101 0# - Langue de la ressource |
| Langue du texte, de la bande son, etc. |
français |
| 102 ## - Pays de publication ou de production |
| Pays de publication |
France |
| 200 1# - Titre et mention de responsabilité |
| Titre propre |
Écorces |
| Indication générale du type de document |
Livre |
| Complément du titre |
Polar forestier |
| 214 #0 - Mentions de production, publication, diffusion et manufacture |
| Nom de l’éditeur |
Esse que éditions |
| Date de publication |
2026 |
| 214 #3 - Mentions de production, publication, diffusion et manufacture |
| Nom de l’éditeur |
Impr. Typolibris |
| 215 ## - Description physique |
| Nombre de pages |
1 vol. (121 p.) |
| 225 1# - Collection |
| Titre de la collection |
Théâtre |
| 323 ## - Nombre de personnages |
| Texte de la note |
6 personnages |
| 330 ## - Résumé ou extrait |
| Texte de la note |
Au moment du décès de son père, Alba hérite de parcelles de forêts en Haute-Loire dont elle n avait jamais entendu parler. Elle découvre dans ses affaires une carte forestière portant de mystérieux symboles. La voici lancée sur la piste des coupes sauvages et des reforestations massives de résineux alignés pour les besoins de l industrie. Un monde s ouvre à elle, celui de l exploitation intensive des forêts, un monde en tension où des logiques opposées s affrontent. Au même moment, Mateus Borja, un garde forestier engagé pour la préservation des écosystèmes, disparaît. C est alors le début de cette enquête-polar menée par des gendarmes locaux pour le retrouver, une enquête qui les mènera sur la route de la spéculation et de l agro-business. |
| 610 ## - Mot-clé |
| Mot-clé |
écologie |
| -- |
écosystème |
| -- |
forêt |
| -- |
enquête |
| 700 ## - Auteur principal |
| Nom |
Carré |
| Prénom |
Alice |
| 105 ## - Zone de données codées : textes, monographies |
| Données codées sur les monographies textuelles |
||||z 00||| |
| 181 #0 - Zone de données codées : Forme de la ressource |
| Données de liaison entre champs |
01 |
| Forme du contenu selon l’ISBD sous forme codée |
i |
| Qualificatif(s) du contenu selon l’ISBD sous forme codée |
xxxe |
| 181 ## - Zone de données codées : Forme de la ressource |
| Données de liaison entre champs |
02 |
| Autre référentiel utilisé pour coder la forme du contenu |
texte |
| Code du référentiel |
rdacontent |
| 182 #0 - Zone de données codées : type de média |
| Données de liaison entre champs |
01 |
| Type de médiation selon l’ISBD sous forme codée |
sans média |
| 182 ## - Zone de données codées : type de média |
| Données de liaison entre champs |
02 |
| Autre référentiel utilisé pour coder le type de médiation |
sans média |
| Code du référentiel |
rdamedia |
| 214 #0 - Mentions de production, publication, diffusion et manufacture |
| Lieu de publication, production, distribution/diffusion, fabrication |
Pantin |
| 214 #3 - Mentions de production, publication, diffusion et manufacture |
| Lieu de publication, production, distribution/diffusion, fabrication |
22-Saint-Brieuc cedex 9 |
| 215 ## - Description physique |
| Dimensions |
19 cm |
| 700 ## - Auteur principal |
| Eléments ajoutés aux noms autres que les dates |
Auteur du texte |
| 801 #0 - Origine de la notice |
| Pays |
FR |
| Agence de catalogage |
FR-751131015 |
| Date de la transaction |
20260220 |
| Règles de catalogage utilisées |
AFNOR |
| Identifiant d'origine |
FRBNF487077480000001 |
| Code du format utilisé |
intermrc |
| 856 #2 - Adresse électronique et mode d’accès |
| Uniform Resource Identifier |
1178884 |
| Numéro d'accès |
Première de couverture |
| 856 #2 - Adresse électronique et mode d’accès |
| Uniform Resource Identifier |
1178885 |
| Numéro d'accès |
Quatrième de couverture |
| 000 -Etiquette de la notice |
| Leader |
01883nam a2200397 4500 |
| 003 - Identifiant de la notice |
| Identifiant |
http://catalogue.bnf.fr/ark:/12148/cb48707748d |
| 005 - Identifiant de la version |
| Identifiant |
20260226141747.0 |
| 073 #0 - EAN |
| Numéro normalisé |
9782487746244 |